Wordt geladen...

Murder sails at midnight /

Bibliografische gegevens
Hoofdauteur: Babson, Marian
Formaat: Printed Book
Gepubliceerd in: London: Crime club, 1975.
Onderwerpen:
LEADER 00414cam a2200133ua 4500
082 1 4 |a 813.54  |b BAB-M 
100 1 |a Babson, Marian. 
245 1 0 |a Murder sails at midnight /  
260 |a London:  |b Crime club,  |c 1975. 
300 |a 191p ;  
650 |a American literature-fiction 
942 |c BK 
999 |c 36833  |d 36833 
952 |0 0  |1 0  |4 0  |6 813_540000000000000_BABM  |7 0  |9 47267  |a KU  |b KU  |d 2015-07-05  |l 0  |o 813.54 BAB-M  |p EN03320  |r 2015-07-05  |y BK